000 00818nam a2200265Ia 4500
003 OSt
005 20221005062255.0
006 a|||||r|||| 00| 0
007 ta
008 221004b |||||||| |||| 00| 0 eng d
020 _a0415365082 (hbk)
_c5129.60
024 _a105911
037 _b1130, 11/03/2011, Pioneer Books Distributors
_cTextual
040 _aCRL
_cCRL
_beng
041 _2eng
_aeng
082 _aQ41v, P6
100 _aGombrich Richard F.
245 0 _aTheravada buddhism
_b A social history from ancient benares to modern Colombo
250 _a2nd
260 _aLondon
_bRoutledge UK
_c2006
300 _axiii,234p.
_ccm.
650 _aRELIGION
942 _hQ41v, P6
_cTEXL
_2cc
999 _c969423
_d969423